04208nam a22005175i 4500999001700000006001900017007001500036008004100051020003500092072001700127072002300144072001500167082001400182082001400196245011100210250001800321260002700339300006700366490005900433505073300492520155401225650001702779650002702796650001802823650002402841650002302865650002702888650004502915650002002960650002402980650002303004650002703027700008003054700008703134700008003221710003403301773002603335776003603361776003603397776003603433830005903469856004603528942001303574950004903587950005403636 c26899d26899a|||||o|||| 00| 0 cr nn 008mamaa220124s2022 sz | s |||| 0|eng d a9783030820244qOnline Resource 7aPDDM2bicssc 7aTEC0220002bisacsh 7aPDD2thema04a530.822304a530.722310aMeasurement for the Seah[electronic resource] :bSupporting the Marine Environment and the Blue Economy / a1st ed. 2022. aLondonbSpringerc2022 aXIII, 321 p. 115 illus., 98 illus. in color.bonline resource.1 aSpringer Series in Measurement Science and Technology,0 a1. Sinapi/Pizzeghello: Marine Hydrography -- 2.Budillon: Measurements for Meteorology -- 3.Daponte: Sensors and Instruments for Marine Measurements -- 4.Le Menn: Metrology for the Sea: Physical Quantities -- 5.Hrastelj: Metrology for the Sea: Chemical Quantities -- 6. Andreini / Bazzarello / Manzari / Stifani / Terracciano: Sensors -- Measurement and Analysis for Underwater Acoustic Investigation -- 7. iscopo/Rossi/Gaglione: Measurement of Sea Waves -- 8. Nunziata/Ferraioli: SAR Remote Sensing for the Sea -- 9.Ferla/Nardone/Orasi/Picone: Sea-Monitoring Networks -- 10.Senatore: Marine Geology,11. Carlucci: Monitoring of Sea Animal Species -- 12.Ferrari/Brignarello: Metrology for Navigation: Economical and Legal Aspects. aIn the history of humankind, the sea has always played a key role as a privileged medium for communication, commerce and contact among population centers. It constitutes an essential ecosystem, and an invaluable reservoir and source of food for all living beings. Therefore, its heath is a critical challenge for the survival of all humanity, particularly as one the most important environmental components targeted by global warming. Measuring and monitoring techniques are key tools for managing the marine environment and for supporting the Blue Economy. With this perspective, a series of annual international events, entitled MetroSea (Metrology for the Sea) was begun in 2017. Their increasing success inspired this book, which provides an anthology of tutorials dealing with a representative selection of topics of concern to a broad readership. The book covers two broad application areas, marine hydrography and meteorology, and then deals with instrumentation for measurement at sea. Typical metrological issues such as calibration and traceability, are considered, for both physical and chemical quantities. Key techniques, such as underwater acoustic investigation, remote sensing, measurement of waves and monitoring networks, are treated alongside marine geology and the monitoring of animal species. Economic and legal aspects of metrology for navigation are also discussed. Such an unparalleled wide vision of measurement for the sea will be of interest to a broad audience of scientists, engineers, economists, and their students. . 0aMeasurement. 0aMeasuring instruments. 0aOceanography. 0aMarine engineering. 0aCivil engineering. 0aHydraulic engineering.14aMeasurement Science and Instrumentation.24aOcean Sciences.24aMarine Engineering.24aCivil Engineering.24aHydraulic Engineering.1 aDaponte, Pasquale.eeditor.4edt4http://id.loc.gov/vocabulary/relators/edt1 aRossi, Giovanni Battista.eeditor.4edt4http://id.loc.gov/vocabulary/relators/edt1 aPiscopo, Vincenzo.eeditor.4edt4http://id.loc.gov/vocabulary/relators/edt2 aSpringerLink (Online service)0 tSpringer Nature eBook08iPrinted edition:z978303082023708iPrinted edition:z978303082025108iPrinted edition:z9783030820268 0aSpringer Series in Measurement Science and Technology,40uhttps://doi.org/10.1007/978-3-030-82024-4 2ddccEBK aPhysics and Astronomy (SpringerNature-11651) aPhysics and Astronomy (R0) (SpringerNature-43715)